[Event "C.to Italiano Semifinale"]
[Site "Porto San Giorgio ITA"]
[Date "2015.07.12"]
[Round "2"]
[White "Vezzosi, Paolo"]
[Black "Mariano, Elia"]
[WhiteElo "2349"]
[BlackElo "2210"]
[Result "1-0"]
[PlyCount "67"]
[EventDate "2015.07.11"]

1. c4 Nf6 2. Nf3 e6 3. Nc3 d5 4. d4 c6 5. Bg5 dxc4 6. e4 b5 7. e5 h6 8. Bh4 g5
9. Nxg5 hxg5 10. Bxg5 Nbd7 11. g3 Be7 12. exf6 Nxf6 13. Bg2 Nd5 14. Bxe7 Qxe7
15. O-O Bb7 16. a4 Nxc3 17. bxc3 a6 18. Ra2 O-O-O 19. Qa1 Qc7 20. Re1 Rh5 21.
axb5 axb5 22. Qb2 Kd7 23. Ra7 Rhh8 24. Rea1 Ra8 25. Rxa8 Rxa8 26. Rxa8 Bxa8 27.
Qa3 Qb8 28. h4 Bb7 29. h5 Qh8 30. Qa7 Kc8 31. Qc5 Kd7 32. Qb6 Ba8 33. Qa7+ Kd6
34. h6 1-0

[Event "C.to Italiano Semifinale"]
[Site "Porto San Giorgio ITA"]
[Date "2015.07.13"]
[Round "4"]
[White "Barp, Alberto"]
[Black "Lezzerini, Marco"]
[WhiteElo "2222"]
[BlackElo "2081"]
[Result "1/2-1/2"]
[PlyCount "85"]
[EventDate "2015.07.11"]

1. d4 Nf6 2. c4 c5 3. d5 b5 4. cxb5 a6 5. bxa6 g6 6. Nc3 Bxa6 7. e4 Qa5 8. Bd2
Bxf1 9. Kxf1 d6 10. Nf3 Bg7 11. g3 O-O 12. Kg2 Na6 13. Qe2 Nd7 14. Nb5 Qb6 15.
Bc3 Rfb8 16. Na3 Bxc3 17. Nc4 Qb4 18. a3 Qb3 19. bxc3 Qxc3 20. Rhc1 Qg7 21. e5
Nb6 22. Rab1 Nxc4 23. Qxc4 Nc7 24. Rb3 Rxb3 25. Qxb3 Qf8 26. Ng5 Qc8 27. exd6
exd6 28. Ne4 Ne8 29. Rb1 Qa6 30. Qb7 Qxb7 31. Rxb7 f5 32. Ng5 Rxa3 33. Rb8 Kf8
34. Nxh7+ Kg7 35. Rb7+ Kg8 36. Re7 Rd3 37. Ng5 Ng7 38. Rd7 Ne8 39. Rd8 Kf8 40.
Ne6+ Ke7 41. Ra8 Nf6 42. Ra7+ Ke8 43. Ra8+ 1/2-1/2

[Event "C.to Italiano Semifinale"]
[Site "Porto San Giorgio ITA"]
[Date "2015.07.13"]
[Round "4"]
[White "Bove, Alessandro"]
[Black "Rombaldoni, Denis"]
[WhiteElo "2322"]
[BlackElo "2478"]
[Result "1-0"]
[PlyCount "124"]
[EventDate "2015.07.11"]

1. e4 d6 2. Nc3 e5 3. f4 exf4 4. d4 Qh4+ 5. Ke2 Bg4+ 6. Nf3 Bxf3+ 7. gxf3 Nf6
8. Qd2 g5 9. Kd1 c6 10. Rg1 Nbd7 11. Qe2 O-O-O 12. Bd2 Rg8 13. h3 Qh6 14. Qc4
d5 15. Qa4 dxe4 16. Qxa7 e3 17. Be1 Nd5 18. Nxd5 cxd5 19. Ba5 Be7 20. c4 Qa6
21. Qxa6 bxa6 22. Bxd8 Rxd8 23. Rc1 dxc4 24. Bxc4 Kb7 25. Ke2 Nb8 26. d5 f5 27.
Rgd1 Bb4 28. Rg1 h6 29. Rc2 Bd2 30. Bb3 Rd6 31. h4 g4 32. fxg4 Nd7 33. gxf5 Ne5
34. Rg7+ Kb6 35. Rxd2 exd2 36. Kxd2 Rf6 37. Ke2 Rxf5 38. Bc2 f3+ 39. Kf2 Rf4
40. Re7 Ng4+ 41. Kg3 f2 42. Bd3 Rd4 43. Re6+ Kc5 44. Bxa6 Kxd5 45. Rg6 Ne5 46.
Rxh6 Ra4 47. Be2 Rxa2 48. Rb6 Ra1 49. Kxf2 Rh1 50. h5 Kd4 51. Rb4+ Kc5 52. Rb8
Kd4 53. Rb4+ Kc5 54. Rb7 Kd4 55. Rg7 Rh2+ 56. Rg2 Rh1 57. b4 Rb1 58. b5 Ke4 59.
Rh2 Rb2 60. Rh4+ Kf5 61. h6 Ng6 62. h7 Kf6 1-0

[Event "C.to Italiano Semifinale"]
[Site "Porto San Giorgio ITA"]
[Date "2015.07.13"]
[Round "4"]
[White "Bruno, Fabio"]
[Black "Luciani, Valerio"]
[WhiteElo "2427"]
[BlackElo "2214"]
[Result "1/2-1/2"]
[PlyCount "69"]
[EventDate "2015.07.11"]

1. d4 d5 2. Nf3 Nf6 3. c4 e6 4. e3 a6 5. b3 c5 6. Bb2 dxc4 7. bxc4 cxd4 8. exd4
Bb4+ 9. Nbd2 O-O 10. Bd3 Nbd7 11. O-O b6 12. Qe2 Bb7 13. Rfd1 Qc7 14. h3 Rac8
15. Rab1 Rfe8 16. Nf1 Bxf3 17. Qxf3 Bd6 18. c5 bxc5 19. Bxa6 Rb8 20. a4 Red8
21. Bb5 cxd4 22. Bxd4 Be5 23. Rbc1 Qa5 24. Be3 Nd5 25. Rxd5 exd5 26. Qxd5 Bb2
27. Rc2 Nf6 28. Qc5 Ba3 29. Qc6 Nd5 30. Bd2 Bb4 31. Bg5 Be7 32. Bd2 Bb4 33. Bg5
Be7 34. Bd2 Bb4 35. Bg5 1/2-1/2

[Event "C.to Italiano Semifinale"]
[Site "Porto San Giorgio ITA"]
[Date "2015.07.13"]
[Round "4"]
[White "Cocchi, Andrea"]
[Black "Bellia, Fabrizio"]
[WhiteElo "2282"]
[BlackElo "2461"]
[Result "0-1"]
[PlyCount "62"]
[EventDate "2015.07.11"]

1. Nf3 d5 2. b3 Nf6 3. Bb2 e6 4. e3 Be7 5. d4 O-O 6. Bd3 Nbd7 7. O-O b6 8. c4
Bb7 9. Nc3 Ne4 10. Qe2 a6 11. Nd2 f5 12. f3 Nxd2 13. Qxd2 Bd6 14. Qe2 Qh4 15.
g3 Qh3 16. Rae1 Rae8 17. Rf2 dxc4 18. bxc4 e5 19. Nd5 exd4 20. Bxd4 Nc5 21. Rd1
Ne6 22. Bc3 a5 23. Qd2 Bc5 24. Re1 Qh6 25. Kg2 Ng5 26. h4 Ne6 27. Rfe2 Qh5 28.
Rh1 Rd8 29. Qb2 c6 30. e4 fxe4 31. Bxe4 cxd5 0-1

[Event "C.to Italiano Semifinale"]
[Site "Porto San Giorgio ITA"]
[Date "2015.07.13"]
[Round "4"]
[White "Contin, Daniel"]
[Black "Cocconcelli, Lorenzo"]
[WhiteElo "2296"]
[BlackElo "2147"]
[Result "1-0"]
[PlyCount "43"]
[EventDate "2015.07.11"]

1. c4 e5 2. Nc3 Nf6 3. Nf3 Nc6 4. g3 d5 5. cxd5 Nxd5 6. Bg2 Nb6 7. O-O Be7 8.
a3 a5 9. d4 exd4 10. Nb5 Bf6 11. e4 Bg4 12. Bf4 Ne5 13. Qc2 Nxf3+ 14. Bxf3 Bxf3
15. Nxc7+ Kf8 16. Qd3 Rc8 17. Qxf3 Rxc7 18. Bxc7 Qxc7 19. Rac1 Qd6 20. e5 Bxe5
21. Qxb7 g6 22. Rc6 1-0

[Event "C.to Italiano Semifinale"]
[Site "Porto San Giorgio ITA"]
[Date "2015.07.13"]
[Round "4"]
[White "Coronel, Joshua"]
[Black "Gilevych, Artem"]
[WhiteElo "2017"]
[BlackElo "2407"]
[Result "0-1"]
[PlyCount "72"]
[EventDate "2015.07.11"]

1. e4 e6 2. d4 d5 3. Nc3 Bb4 4. e5 c5 5. a3 Bxc3+ 6. bxc3 Qc7 7. Qg4 f5 8. Qg3
cxd4 9. cxd4 Ne7 10. Ne2 O-O 11. c3 b6 12. Nf4 Ng6 13. a4 Nxf4 14. Bxf4 Ba6 15.
Bb5 Bxb5 16. axb5 Qc4 17. Rb1 a5 18. h4 Nd7 19. Rh3 Nc5 20. Bd2 Nb3 21. Bh6 Rf7
22. Qg5 a4 23. h5 a3 24. Bxg7 Rxg7 25. Qf6 a2 26. Qxe6+ Kh8 27. Ra1 Nxa1 28.
Rg3 Nc2+ 29. Kd2 Rxg3 30. Qf6+ Rg7 31. h6 Qxc3+ 32. Kxc3 a1=Q+ 33. Kxc2 Ra2+
34. Kd3 Qd1+ 35. Ke3 Qe2+ 36. Kf4 Qe4# 0-1

[Event "C.to Italiano Semifinale"]
[Site "Porto San Giorgio ITA"]
[Date "2015.07.13"]
[Round "4"]
[White "Corvi, Marco"]
[Black "Moroni, Luca"]
[WhiteElo "2300"]
[BlackElo "1821"]
[Result "0-1"]
[PlyCount "104"]
[EventDate "2015.07.11"]

1. c4 e6 2. Nf3 d5 3. e3 c5 4. b3 Nc6 5. Bb2 d4 6. exd4 cxd4 7. g3 Nf6 8. Bg2
e5 9. O-O Bd6 10. d3 O-O 11. Ba3 Re8 12. Re1 Bxa3 13. Nxa3 h6 14. b4 Nxb4 15.
Nxe5 Qa5 16. Qb3 Bf5 17. c5 Be6 18. Nac4 Qxc5 19. a3 Bxc4 20. Nxc4 Nbd5 21.
Qxb7 Rab8 22. Qa6 Rxe1+ 23. Rxe1 Rb3 24. Qa4 Rxd3 25. Re8+ Kh7 26. Be4+ Nxe4
27. Qc2 Ndf6 28. Qxd3 Nxe8 29. Qxe4+ g6 30. Ne5 Nf6 31. Qf4 Qb6 32. h4 Kg7 33.
h5 g5 34. Qf3 Qa5 35. Nc6 Qc3 36. Kg2 g4 37. Qxc3 dxc3 38. Nd4 Nxh5 39. Kf1 Kg6
40. Ke2 f5 41. Nb5 f4 42. Nxa7 f3+ 43. Kd3 Nxg3 44. Nc6 Nh1 45. Ke3 c2 46. Ne5+
Kf5 47. Nd3 g3 48. Kxf3 gxf2 49. Ke2 Kg4 50. a4 Kg3 51. a5 c1=Q 52. Nxc1 Kg2
0-1

[Event "C.to Italiano Semifinale"]
[Site "Porto San Giorgio ITA"]
[Date "2015.07.13"]
[Round "4"]
[White "Garofalo, Simone"]
[Black "Zamengo, Fulvio"]
[WhiteElo "2105"]
[BlackElo "2288"]
[Result "0-1"]
[PlyCount "94"]
[EventDate "2015.07.11"]

1. e4 g6 2. d4 Bg7 3. Nc3 c6 4. Nf3 d5 5. h3 dxe4 6. Nxe4 Nd7 7. Bf4 Ngf6 8.
Nxf6+ Nxf6 9. Bc4 b5 10. Bb3 O-O 11. O-O Bb7 12. Qe2 e6 13. Rad1 a6 14. Rfe1
Rc8 15. c3 Nd5 16. Be5 c5 17. Bxg7 Kxg7 18. dxc5 Rxc5 19. Rd4 Qf6 20. Qe5 a5
21. Qxf6+ Nxf6 22. a3 Bxf3 23. gxf3 Rb8 24. Red1 Rf5 25. R1d3 Nh5 26. Rd8 Rxd8
27. Rxd8 Nf4 28. h4 Rh5 29. Rb8 Nd3 30. Rb7 Kf6 31. c4 b4 32. axb4 axb4 33. Ba4
Rxh4 34. b3 Rd4 35. Be8 Ne5 36. Rxb4 Rd8 37. Ba4 Nxf3+ 38. Kg2 Ne1+ 39. Kf1 Nd3
40. Rb6 Nc5 41. Bc6 Rd6 42. b4 Nd7 43. Ra6 Nb8 44. Ra8 Nxc6 45. b5 Rd8 46. Ra6
Ne5 47. c5 Rd5 0-1

[Event "C.to Italiano Semifinale"]
[Site "Porto San Giorgio ITA"]
[Date "2015.07.13"]
[Round "4"]
[White "Genocchio, Daniele"]
[Black "Ortega, Lexy"]
[WhiteElo "2423"]
[BlackElo "2481"]
[Result "1-0"]
[PlyCount "73"]
[EventDate "2015.07.11"]

1. e4 e5 2. Nf3 Nc6 3. d4 exd4 4. Nxd4 Nf6 5. Nc3 Bb4 6. Nxc6 bxc6 7. Bd3 O-O
8. O-O d5 9. exd5 cxd5 10. h3 h6 11. Qf3 c6 12. Bf4 Re8 13. Rfe1 Be6 14. Rad1
d4 15. a3 Bxc3 16. bxc3 Bd5 17. Qg3 Nh5 18. Rxe8+ Qxe8 19. Qh4 Nxf4 20. Qxf4
dxc3 21. Rb1 Qf8 22. h4 g6 23. Rb7 a5 24. a4 Re8 25. Kh2 Qg7 26. Ra7 g5 27. Qg3
gxh4 28. Qxg7+ Kxg7 29. Rxa5 Kf6 30. Rc5 Ra8 31. a5 Ke5 32. a6 Kd4 33. Ra5 c5
34. a7 c4 35. Be2 Be4 36. Bf3 Bxf3 37. gxf3 1-0

[Event "C.to Italiano Semifinale"]
[Site "Porto San Giorgio ITA"]
[Date "2015.07.13"]
[Round "4"]
[White "Sedina, Elena"]
[Black "Marzaduri, Riccardo"]
[WhiteElo "2319"]
[BlackElo "2163"]
[Result "1-0"]
[PlyCount "103"]
[EventDate "2015.07.11"]

1. e4 e6 2. d4 d5 3. e5 c5 4. c3 Qb6 5. Nf3 Bd7 6. Bd3 Nc6 7. dxc5 Bxc5 8. O-O
a5 9. Nbd2 a4 10. Rb1 Qc7 11. Qe2 Nh6 12. b4 axb3 13. Nxb3 Bb6 14. Nbd4 Bxd4
15. cxd4 Nf5 16. Qb2 O-O 17. Bxf5 exf5 18. Qxb7 Qxb7 19. Rxb7 Be6 20. Rc7 Rfc8
21. Rxc8+ Bxc8 22. a3 Ra4 23. Bb2 Na5 24. Nd2 Ba6 25. Rc1 Nc4 26. Nxc4 Rxc4 27.
Rxc4 Bxc4 28. a4 Kf8 29. Ba3+ Ke8 30. f3 h5 31. Kf2 Kd7 32. a5 g6 33. Kg3 Ba6
34. Kf4 Bc8 35. Kg5 Ke6 36. Bf8 Ba6 37. h4 Bf1 38. Bb4 Ba6 39. Bd2 Bc8 40. Kh6
Ba6 41. Kg7 Ke7 42. Bg5+ Ke8 43. Kf6 Bc8 44. Bh6 Ba6 45. e6 fxe6 46. Kxe6 Kd8
47. Kxd5 Bf1 48. Kc6 Kc8 49. Bf4 Bxg2 50. a6 Bxf3+ 51. d5 g5 52. hxg5 1-0

[Event "C.to Italiano Semifinale"]
[Site "Porto San Giorgio ITA"]
[Date "2015.07.13"]
[Round "4"]
[White "Valsecchi, Alessio"]
[Black "Borgo, Giulio"]
[WhiteElo "2457"]
[BlackElo "2351"]
[Result "1/2-1/2"]
[PlyCount "20"]
[EventDate "2015.07.11"]

1. e4 e6 2. d4 d5 3. e5 c5 4. c3 Nc6 5. Nf3 Bd7 6. Bd3 cxd4 7. cxd4 Qb6 8. O-O
Nxd4 9. Nxd4 Qxd4 10. Nc3 a6 1/2-1/2

[Event "C.to Italiano Semifinale"]
[Site "Porto San Giorgio ITA"]
[Date "2015.07.13"]
[Round "4"]
[White "Vezzosi, Paolo"]
[Black "Andreoni, Giuseppe"]
[WhiteElo "2349"]
[BlackElo "2213"]
[Result "0-1"]
[PlyCount "118"]
[EventDate "2015.07.11"]

1. c4 Nf6 2. Nc3 d5 3. cxd5 Nxd5 4. Nf3 g6 5. g3 Bg7 6. Bg2 O-O 7. O-O Nc6 8.
Ng5 e6 9. Nge4 Nce7 10. d4 h6 11. e3 b6 12. Qb3 Bb7 13. Rd1 Qc8 14. Nb5 a6 15.
Na3 Rd8 16. Nc4 Nf6 17. Nxf6+ Bxf6 18. Bxb7 Qxb7 19. Bd2 h5 20. Rdc1 h4 21. Qd1
hxg3 22. hxg3 Kg7 23. Qf1 Rd5 24. Qg2 Rh8 25. Qe4 Qb8 26. Kg2 c5 27. Rh1 Rxh1
28. Rxh1 cxd4 29. g4 b5 30. Na5 Rd8 31. Nb3 dxe3 32. Bxe3 Qa8 33. Qxa8 Rxa8 34.
Bd4 Bxd4 35. Nxd4 Rc8 36. Rd1 Rc5 37. Kf3 Rd5 38. Ke2 e5 39. Nb3 Rxd1 40. Kxd1
Nd5 41. Kd2 Kf6 42. Nc5 Nc7 43. Ne4+ Ke6 44. Kd3 f5 45. gxf5+ gxf5 46. Nd2 Kd5
47. f3 Ne6 48. b3 Nc5+ 49. Kc2 Kd4 50. Nf1 f4 51. Kd2 e4 52. fxe4 Nxe4+ 53. Kc2
b4 54. a3 bxa3 55. Kb1 Nc3+ 56. Ka1 a2 57. b4 Kd3 58. Kb2 Ke2 59. Nh2 f3 0-1

[Event "C.to Italiano Semifinale"]
[Site "Porto San Giorgio ITA"]
[Date "2015.07.14"]
[Round "5"]
[White "Andreoni, Giuseppe"]
[Black "Valsecchi, Alessio"]
[WhiteElo "2213"]
[BlackElo "2457"]
[Result "0-1"]
[PlyCount "74"]
[EventDate "2015.07.11"]

1. e4 e5 2. Nf3 Nc6 3. Bb5 a6 4. Ba4 Nf6 5. O-O b5 6. Bb3 Bc5 7. d3 d6 8. a4
Bg4 9. c3 Rb8 10. axb5 axb5 11. h3 Bh5 12. Ra6 Bb6 13. Re1 Bxf3 14. Qxf3 Na5
15. Ba2 Qc8 16. Rxb6 Rxb6 17. Bg5 Qd8 18. b4 Nc6 19. Nd2 Ra6 20. Bb3 Ra3 21.
Rb1 h6 22. Bh4 Nb8 23. Bxf6 Qxf6 24. Qxf6 gxf6 25. Nf1 Nd7 26. Ne3 Nb6 27. Nc2
Ra7 28. f4 O-O 29. Ne3 exf4 30. Nf5 Kh7 31. Nd4 Rfa8 32. Kf2 Ra1 33. Rb2 Na4
34. Rc2 Rb8 35. Bxf7 c5 36. Ne2 Rc8 37. bxc5 Rxc5 0-1

[Event "C.to Italiano Semifinale"]
[Site "Porto San Giorgio ITA"]
[Date "2015.07.14"]
[Round "5"]
[White "Bellia, Fabrizio"]
[Black "Sedina, Elena"]
[WhiteElo "2461"]
[BlackElo "2319"]
[Result "1/2-1/2"]
[PlyCount "58"]
[EventDate "2015.07.11"]

1. e4 e6 2. d4 d5 3. Nd2 c5 4. exd5 exd5 5. Ngf3 Nf6 6. dxc5 Bxc5 7. Nb3 Bd6 8.
Bb5+ Bd7 9. Bxd7+ Nbxd7 10. O-O O-O 11. Bg5 h6 12. Bxf6 Nxf6 13. Qd3 Re8 14.
Rad1 Rc8 15. c3 Qb6 16. Rfe1 Rcd8 17. Rxe8+ Rxe8 18. Nfd4 a6 19. g3 Bb8 20. Qf5
g6 21. Qf3 Kg7 22. Kg2 Ba7 23. Rd2 Re4 24. Re2 h5 25. Rxe4 dxe4 26. Qe3 Qd6 27.
h3 Bb6 28. a4 Qe5 29. c4 Nd7 1/2-1/2

[Event "C.to Italiano Semifinale"]
[Site "Porto San Giorgio ITA"]
[Date "2015.07.14"]
[Round "5"]
[White "Borgo, Giulio"]
[Black "Bove, Alessandro"]
[WhiteElo "2351"]
[BlackElo "2322"]
[Result "1-0"]
[PlyCount "81"]
[EventDate "2015.07.11"]

1. e4 c5 2. Nf3 e6 3. b3 b6 4. c4 Bb7 5. Nc3 Nc6 6. g3 Nd4 7. Bg2 Nxf3+ 8. Bxf3
Ne7 9. O-O Nc6 10. Bg2 Nd4 11. d3 Be7 12. Be3 Bf6 13. Qd2 h5 14. Rae1 h4 15. f4
hxg3 16. hxg3 Nc6 17. Ne2 Qc7 18. a3 Be7 19. Rb1 Rd8 20. b4 Kf8 21. Rfc1 d6 22.
Kf2 Bf6 23. Rh1 Rxh1 24. Rxh1 Bd4 25. b5 Bxe3+ 26. Qxe3 Ne7 27. f5 exf5 28. Qg5
Ng8 29. Rh7 f6 30. Qxf5 Nh6 31. Qg6 Qf7 32. Rh8+ Ke7 33. Qxf7+ Nxf7 34. Rh7 Rg8
35. Nf4 Nh6 36. Bh3 f5 37. exf5 Bc8 38. g4 Nf7 39. Bg2 Nh6 40. Kg3 Nf7 41. Bd5
1-0

[Event "C.to Italiano Semifinale"]
[Site "Porto San Giorgio ITA"]
[Date "2015.07.14"]
[Round "5"]
[White "Gennari, Jacopo"]
[Black "Barp, Alberto"]
[WhiteElo "2108"]
[BlackElo "2222"]
[Result "0-1"]
[PlyCount "100"]
[EventDate "2015.07.11"]

1. d4 d5 2. c4 e6 3. cxd5 exd5 4. Nc3 c6 5. Bf4 Bf5 6. e3 Qb6 7. Qb3 Nf6 8. Be2
Be7 9. Nf3 O-O 10. O-O Nbd7 11. Rac1 h6 12. h3 Rfe8 13. Na4 Qxb3 14. axb3 Ne4
15. Rfd1 Bb4 16. Bd3 f6 17. Ne1 Bh7 18. Nc2 Bf8 19. f3 Nd6 20. Bxh7+ Kxh7 21.
Kf2 g5 22. Bh2 a5 23. Rd2 b5 24. Nc5 Nxc5 25. dxc5 Nb7 26. Nd4 Nxc5 27. Ke2 b4
28. Rdc2 a4 29. bxa4 Nxa4 30. Nxc6 b3 31. Rd2 Nxb2 32. Na5 Rxa5 33. Rxb2 Ra2
34. Rxa2 bxa2 35. Ra1 Ra8 36. Kd3 Bg7 37. e4 dxe4+ 38. fxe4 f5 39. e5 f4 40.
Bg1 Bxe5 41. Bd4 Bxd4 42. Kxd4 Kg6 43. Ke4 Kf6 44. h4 Ra4+ 45. Kf3 Kf5 46. Kf2
g4 47. Ke2 Ke4 48. Kf2 h5 49. Ke2 Ra3 50. Kf2 Kd3 0-1

[Event "C.to Italiano Semifinale"]
[Site "Porto San Giorgio ITA"]
[Date "2015.07.14"]
[Round "5"]
[White "Gilevych, Artem"]
[Black "Bruno, Fabio"]
[WhiteElo "2407"]
[BlackElo "2427"]
[Result "1-0"]
[PlyCount "59"]
[EventDate "2015.07.11"]

1. d4 e6 2. c4 f5 3. g3 Nf6 4. Bg2 c6 5. Nc3 d5 6. Nf3 Bd6 7. Bf4 Bxf4 8. gxf4
O-O 9. e3 Bd7 10. Qc2 Be8 11. Ne5 Bh5 12. f3 Nbd7 13. O-O dxc4 14. Nxc4 Nb6 15.
Ne5 Nbd5 16. Qf2 Rc8 17. Ne2 Rc7 18. Kh1 Kh8 19. Rg1 Nd7 20. Nd3 c5 21. dxc5
Qf6 22. Rad1 Nxc5 23. Nxc5 Rxc5 24. Ng3 Rb5 25. Nxh5 Qxb2 26. Rd2 Qc3 27. Nxg7
Qxg7 28. Bf1 Qd7 29. e4 Rb4 30. exd5 1-0

[Event "C.to Italiano Semifinale"]
[Site "Porto San Giorgio ITA"]
[Date "2015.07.14"]
[Round "5"]
[White "Luciani, Valerio"]
[Black "Vezzosi, Paolo"]
[WhiteElo "2214"]
[BlackElo "2349"]
[Result "1/2-1/2"]
[PlyCount "57"]
[EventDate "2015.07.11"]

1. d4 c5 2. d5 e5 3. e4 d6 4. Nc3 a6 5. a4 Nf6 6. Nf3 Be7 7. Be2 O-O 8. O-O h6
9. Nd2 Nh7 10. Nc4 Nd7 11. Bg4 Nb6 12. Ne3 Bg5 13. Bxc8 Nxc8 14. Nf5 Ne7 15.
Nxe7+ Qxe7 16. Ne2 b5 17. Ra3 b4 18. Rf3 Bxc1 19. Qxc1 Qg5 20. b3 Qxc1 21. Nxc1
Ng5 22. Re3 f5 23. exf5 Rxf5 24. f3 Raf8 25. Rd1 Rf4 26. Ne2 R4f7 27. Ng3 Rf4
28. Ne2 R4f7 29. Ng3 1/2-1/2

[Event "C.to Italiano Semifinale"]
[Site "Porto San Giorgio ITA"]
[Date "2015.07.14"]
[Round "5"]
[White "Moroni, Luca"]
[Black "Genocchio, Daniele"]
[WhiteElo "1821"]
[BlackElo "2423"]
[Result "1/2-1/2"]
[PlyCount "119"]
[EventDate "2015.07.11"]

1. Nf3 g6 2. d4 Bg7 3. g3 d6 4. Bg2 Nd7 5. O-O e5 6. e4 Ngf6 7. Nc3 O-O 8. h3
c6 9. a4 Re8 10. Re1 Qc7 11. Be3 b6 12. Qd2 a6 13. Nh4 Bb7 14. f4 exd4 15. Bxd4
b5 16. axb5 cxb5 17. e5 dxe5 18. fxe5 b4 19. exf6 bxc3 20. Qxc3 Qxc3 21. Rxe8+
Rxe8 22. Bxc3 Bxg2 23. Kxg2 Nxf6 24. Rxa6 Nd5 25. Bxg7 Kxg7 26. Rc6 h5 27. Kf3
Re1 28. Rc5 Nf6 29. Rc4 Nd7 30. Kf2 Rb1 31. b3 Ne5 32. Rc5 Nd7 33. Rc7 Nf6 34.
Rc4 Ne8 35. Nf3 f5 36. Rc6 Nf6 37. Ne5 Ne4+ 38. Kg2 g5 39. g4 hxg4 40. hxg4
fxg4 41. Nxg4 Nd2 42. Rc3 Rb2 43. Ne3 Nb1 44. Rc7+ Kf6 45. Rc6+ Kf7 46. Ra6 Nd2
47. Ra1 Ke6 48. Kg3 Ne4+ 49. Kg4 Kd7 50. Kf5 Nc5 51. Ra3 Kc6 52. Kxg5 Ne6+ 53.
Kf6 Nd4 54. Ra4 Nxc2 55. Rc4+ Kb5 56. Nxc2 Rxb3 57. Rc8 Rh3 58. Nd4+ Kb4 59.
Nc2+ Kb3 60. Nd4+ 1/2-1/2

[Event "C.to Italiano Semifinale"]
[Site "Porto San Giorgio ITA"]
[Date "2015.07.14"]
[Round "5"]
[White "Ortega, Lexy"]
[Black "Corvi, Marco"]
[WhiteElo "2481"]
[BlackElo "2300"]
[Result "1-0"]
[PlyCount "61"]
[EventDate "2015.07.11"]

1. d4 f5 2. Nc3 e6 3. e4 fxe4 4. Nxe4 Nf6 5. Bg5 Be7 6. Bxf6 Bxf6 7. Nf3 Be7 8.
c3 d5 9. Ned2 g6 10. h4 Bf6 11. Bd3 Nc6 12. Bb5 O-O 13. Bxc6 bxc6 14. Qe2 c5
15. h5 g5 16. Nb3 cxd4 17. cxd4 Qd6 18. Qe3 g4 19. Ne5 Qb4+ 20. Kf1 Bxe5 21.
Qxe5 Rf5 22. Qxc7 Ba6+ 23. Kg1 Raf8 24. h6 Rg5 25. Rh5 Rg6 26. Qe5 Qe7 27. Nc5
Qf7 28. Qg3 Bc4 29. b3 Bb5 30. a4 Be8 31. Re1 1-0

[Event "C.to Italiano Semifinale"]
[Site "Porto San Giorgio ITA"]
[Date "2015.07.14"]
[Round "5"]
[White "Rombaldoni, Denis"]
[Black "Dappiano, Andrea"]
[WhiteElo "2478"]
[BlackElo "2204"]
[Result "0-1"]
[PlyCount "72"]
[EventDate "2015.07.11"]

1. d4 e6 2. c4 Bb4+ 3. Nd2 Nf6 4. a3 Be7 5. e4 d5 6. e5 Nfd7 7. cxd5 exd5 8. b4
a5 9. b5 c5 10. Bb2 O-O 11. Bd3 cxd4 12. Bxd4 Nc5 13. Bxc5 Bxc5 14. Ngf3 Qe7
15. O-O Be6 16. Qa4 Nd7 17. Nb3 Bb6 18. Qf4 Rfc8 19. Rfc1 Nf8 20. h4 Rxc1+ 21.
Nxc1 Qc5 22. Qg3 Qc3 23. Rb1 Qxa3 24. Ng5 Qe7 25. Ne2 a4 26. Nf4 a3 27. Nh5 Ng6
28. Nxg7 Kxg7 29. h5 a2 30. Ra1 Ra4 31. hxg6 fxg6 32. Bc2 Rg4 33. Nxe6+ Qxe6
34. Qh2 Qf7 35. g3 Qf3 36. Kf1 Qc3 0-1

[Event "C.to Italiano Semifinale"]
[Site "Porto San Giorgio ITA"]
[Date "2015.07.14"]
[Round "5"]
[White "Seresin, Francesco"]
[Black "Cocchi, Andrea"]
[WhiteElo "2128"]
[BlackElo "2282"]
[Result "1/2-1/2"]
[PlyCount "25"]
[EventDate "2015.07.11"]

1. d4 Nf6 2. c4 e6 3. Nc3 d5 4. cxd5 Nxd5 5. e4 Nxc3 6. bxc3 c5 7. Nf3 cxd4 8.
cxd4 Bb4+ 9. Bd2 Bxd2+ 10. Qxd2 O-O 11. Bc4 Nd7 12. O-O b6 13. d5 1/2-1/2

[Event "C.to Italiano Semifinale"]
[Site "Porto San Giorgio ITA"]
[Date "2015.07.14"]
[Round "5"]
[White "Tazzioli, Luca"]
[Black "Pescatore, Lorenzo"]
[WhiteElo "2116"]
[BlackElo "2267"]
[Result "0-1"]
[PlyCount "64"]
[EventDate "2015.07.11"]

1. e4 c5 2. Nc3 Nc6 3. g3 g6 4. Bg2 Bg7 5. d3 d6 6. f4 e6 7. Nf3 Nge7 8. O-O
O-O 9. Bd2 Rb8 10. Rb1 b5 11. a3 f5 12. Be3 b4 13. axb4 cxb4 14. Ne2 e5 15. Bf2
h6 16. Qd2 Be6 17. Rfe1 Qd7 18. Be3 Kh7 19. Kh1 b3 20. c3 fxe4 21. dxe4 Na5 22.
fxe5 Nc4 23. Qd3 Rxf3 24. Bxf3 Nxe5 25. Qa6 Nxf3 26. Red1 Nc8 27. Nf4 Bf7 28.
Kg2 Ne5 29. Nd5 Qg4 30. Bxa7 Qxe4+ 31. Kf2 Bxd5 32. Rxd5 Ng4+ 0-1

[Event "C.to Italiano Semifinale"]
[Site "Porto San Giorgio ITA"]
[Date "2015.07.14"]
[Round "5"]
[White "Zamengo, Fulvio"]
[Black "Contin, Daniel"]
[WhiteElo "2288"]
[BlackElo "2296"]
[Result "0-1"]
[PlyCount "136"]
[EventDate "2015.07.11"]

1. e4 e6 2. d4 d5 3. Nd2 c5 4. Ngf3 a6 5. exd5 exd5 6. Be2 cxd4 7. O-O Bd6 8.
Re1 Ne7 9. Nxd4 O-O 10. N2f3 Nbc6 11. Bg5 Qb6 12. Nxc6 bxc6 13. Bd3 Ng6 14. b3
Nf4 15. h3 f6 16. Bxf4 Bxf4 17. c4 Ra7 18. cxd5 cxd5 19. Bc2 Qd6 20. Qd3 g6 21.
Rad1 Rc7 22. Bb1 Be6 23. Nd4 Bf7 24. Re2 Rfc8 25. Rc2 Rxc2 26. Nxc2 Be5 27. Ne3
Rc3 28. Qd2 f5 29. Bd3 Qc5 30. Bxa6 f4 31. Ng4 Rc2 32. Qe1 Bd4 33. Bd3 Rxa2 34.
Rc1 Qf8 35. Bb1 Rb2 36. Qd1 Qb4 37. Nh6+ Kg7 38. Nxf7 Rd2 39. Qg4 Rxf2 40. Rd1
Rd2+ 41. Kh2 Rxd1 42. Qxd1 Kxf7 43. Qf3 Ke6 44. Bd3 Kd6 45. Bf1 Qe1 46. b4 Qxb4
47. g3 fxg3+ 48. Kxg3 Be5+ 49. Kg2 Qf4 50. Qxf4 Bxf4 51. Bd3 Ke5 52. Kf3 Kd4
53. Bb1 Bg5 54. Kg4 Bf6 55. h4 Bxh4 56. Kxh4 Ke3 57. Kg3 d4 58. Kg2 Ke2 59. Ba2
d3 60. Bc4 Kd2 61. Kf2 Kc2 62. Bb5 d2 63. Ba4+ Kc1 64. Ke2 g5 65. Bb3 h5 66.
Ba4 h4 67. Bb3 g4 68. Ba4 h3 0-1

[Event "C.to Italiano Semifinale"]
[Site "Porto San Giorgio ITA"]
[Date "2015.07.15"]
[Round "6"]
[White "Andreoni, Giuseppe"]
[Black "Corvi, Marco"]
[WhiteElo "2213"]
[BlackElo "2300"]
[Result "0-1"]
[PlyCount "36"]
[EventDate "2015.07.11"]

1. e4 Nf6 2. Nc3 e5 3. Nf3 Nc6 4. Bc4 Nxe4 5. Nxe4 d5 6. Bd3 dxe4 7. Bxe4 Bd6
8. O-O Bg4 9. h3 Bh5 10. Re1 O-O 11. g4 Bg6 12. Bxg6 fxg6 13. d3 Qf6 14. Kg2
Nd4 15. Re3 Rf7 16. c3 Ne6 17. Qb3 Raf8 18. Bd2 Ng5 0-1

[Event "C.to Italiano Semifinale"]
[Site "Porto San Giorgio ITA"]
[Date "2015.07.15"]
[Round "6"]
[White "Barp, Alberto"]
[Black "Borgiani, Flavio"]
[WhiteElo "2222"]
[BlackElo "2183"]
[Result "1-0"]
[PlyCount "129"]
[EventDate "2015.07.11"]

1. d4 Nc6 2. Nf3 d5 3. Bf4 Bf5 4. c4 e6 5. Nc3 Bb4 6. e3 Nf6 7. Be2 dxc4 8.
Bxc4 Nd5 9. Bxd5 exd5 10. Rc1 O-O 11. O-O h6 12. Nb5 a6 13. Nxc7 Rc8 14. Qb3
Bd6 15. Bxd6 Qxd6 16. Qxd5 Qf6 17. e4 Bg4 18. Ne5 Qf4 19. g3 Qd2 20. Nxg4 Rxc7
21. Rfd1 Qxb2 22. Qb3 Qe2 23. Qb6 Rd7 24. Ne3 Rfd8 25. d5 Ne5 26. Qb3 b5 27.
Qc2 Qh5 28. f4 Ng6 29. Qf2 Ne7 30. Kg2 f5 31. Qf3 Qxf3+ 32. Kxf3 fxe4+ 33. Kxe4
Kf7 34. Rc2 g6 35. Rcd2 h5 36. h3 Ng8 37. g4 Re8+ 38. Kf3 Nf6 39. Rd4 Rde7 40.
R1d3 hxg4+ 41. Nxg4 Nd7 42. d6 Re1 43. Rd5 Rf1+ 44. Kg3 Rg1+ 45. Kf2 Rc1 46.
Ne5+ Nxe5 47. fxe5 Ke6 48. d7 Rc2+ 49. Ke3 Rd8 50. Rd6+ Ke7 51. a3 Rg2 52. Kf3
Rg5 53. Kf4 Rf5+ 54. Ke4 Rg5 55. e6 Rh5 56. Rxa6 Rh4+ 57. Kd5 Rh5+ 58. Kc6 Re5
59. Kc7 Rc5+ 60. Rc6 Rf5 61. Rd4 g5 62. h4 Rf4 63. Rd5 Rxh4 64. Rxg5 Rh7 65.
Rxb5 1-0